[Event "Hart House Holidays op"]
[Site "Toronto CAN"]
[Date "2015.12.18"]
[Round "1"]
[White "Bellissimo, Joseph"]
[Black "Noritsyn, Nikolay"]
[Result "0-1"]
[WhiteElo "2238"]
[BlackElo "2578"]
[PlyCount "138"]
[EventDate "2015.12.18"]
[EventType "swiss"]
[EventRounds "5"]
[EventCountry "CAN"]

1. e4 c5 2. Nf3 Nc6 3. Bb5 e6 4. Bxc6 bxc6 5. O-O Ne7 6. b3 Ng6 7. e5 f6 8. Bb2
Be7 9. d3 O-O 10. Nbd2 Qe8 11. Ne4 fxe5 12. Nxe5 d6 13. Nxg6 Qxg6 14. f4 Bd7
15. Rf3 Rf7 16. Rg3 Qh6 17. Ng5 Bxg5 18. fxg5 Qg6 19. h4 e5 20. Bc1 Raf8 21.
Be3 h5 22. Qd2 Be6 23. c3 Bf5 24. Rd1 Bg4 25. Re1 Bc8 26. d4 cxd4 27. cxd4 e4
28. Qe2 d5 29. b4 Qd6 30. Kh2 Bg4 31. Qd2 g6 32. Rc1 Bc8 33. Qc3 Bd7 34. Qd2
Qb8 35. a3 Re8 36. Re1 Kh7 37. Rc1 Qb5 38. Re1 Bc8 39. Qe2 Ba6 40. Qxb5 Bxb5
41. Rh3 Ref8 42. Kg3 Kg8 43. Rhh1 Rf5 44. Rhg1 Kf7 45. Rc1 Ke6 46. Rge1 Kd7 47.
Rc5 Bc4 48. a4 a6 49. b5 axb5 50. axb5 Bxb5 51. Ra1 R5f7 52. Ra7+ Kc8 53. Rxf7
Rxf7 54. Bf4 Ra7 55. Rc3 Ra2 56. Be3 Kd7 57. Rb3 Ke6 58. Rc3 Bc4 59. Rc1 Ra3
60. Kf2 Kf5 61. Rd1 Kg4 62. g3 Ra2+ 63. Rd2 Ra1 64. Kg2 Bf1+ 65. Kf2 Kh3 66.
Rc2 Bd3 67. Rc1 Ra2+ 68. Kg1 Rg2+ 69. Kh1 Be2 0-1

[Event "CAN-ch"]
[Site "Guelph CAN"]
[Date "2015.07.10"]
[Round "1.4"]
[White "Noritsyn, Nikolay"]
[Black "Dougherty, Michael"]
[Result "1/2-1/2"]
[WhiteElo "2586"]
[BlackElo "2285"]
[PlyCount "75"]
[EventDate "2015.07.10"]
[EventType "swiss"]
[EventRounds "9"]
[EventCountry "CAN"]

1. e4 c6 2. Nf3 g6 3. d4 Bg7 4. c4 d6 5. Be2 Nf6 6. Nc3 O-O 7. O-O Nbd7 8. Be3
e5 9. d5 c5 10. a3 h6 11. g3 Nh5 12. b4 b6 13. Rb1 Ndf6 14. bxc5 bxc5 15. Nd2
Bh3 16. Re1 Qd7 17. Qa4 Qxa4 18. Nxa4 Ng4 19. Bxg4 Bxg4 20. Nc3 Nf4 21. f3 Bh3
22. Rec1 Nd3 23. Rd1 f5 24. Nb3 f4 25. Rxd3 fxe3 26. Rxe3 h5 27. Na5 Bh6 28.
Rd3 Rf7 29. Nd1 Raf8 30. Nf2 Bg4 31. Nxg4 hxg4 32. fxg4 Rf2 33. g5 Bxg5 34. h4
Re2 35. hxg5 Rff2 36. Rb8+ Kg7 37. Rb7+ Kg8 38. Rb8+ 1/2-1/2

[Event "CAN-ch"]
[Site "Guelph CAN"]
[Date "2015.07.11"]
[Round "2.9"]
[White "Doknjas, Joshua"]
[Black "Noritsyn, Nikolay"]
[Result "0-1"]
[WhiteElo "2082"]
[BlackElo "2586"]
[PlyCount "116"]
[EventDate "2015.07.10"]
[EventType "swiss"]
[EventRounds "9"]
[EventCountry "CAN"]
[TimeControl "40/5400+30:1800+30"]

1. e4 c5 2. Nf3 e6 3. c3 Nf6 4. e5 Nd5 5. Bc4 d6 6. d4 cxd4 7. cxd4 Nb6 8. Bd3
Nc6 9. O-O dxe5 10. dxe5 Nb4 11. Be4 Qxd1 12. Rxd1 N4d5 13. Bc2 Bd7 14. Nbd2
Rc8 15. Bb3 Ba4 16. Bxa4+ Nxa4 17. b3 Nac3 18. Rf1 Nb4 19. Bb2 Ne2+ 20. Kh1 Nd3
21. Bd4 Nxd4 22. Nxd4 Bc5 23. N2f3 Ke7 24. Rad1 Bxd4 25. Rxd3 Bb6 26. Rfd1 Rhd8
27. Rxd8 Bxd8 28. g3 Ba5 29. Kg2 Rc2 30. a4 Rc3 31. Rb1 Bc7 32. Rb2 h6 33. h4
a6 34. Rb1 Bb8 35. Rb2 Ba7 36. b4 Kd7 37. Rd2+ Kc7 38. Rb2 Bb6 39. g4 g6 40.
Kg3 Kc8 41. Kg2 Bc7 42. g5 h5 43. b5 Rc4 44. b6 Bd8 45. a5 Be7 46. Ra2 Bb4 47.
Ra4 Kd7 48. Ra1 Rc5 49. Rd1+ Ke7 50. Nd4 Rxe5 51. Rc1 Rc5 52. Rxc5 Bxc5 53. Nb3
Bb4 54. Kf3 Kd6 55. Ke4 Be1 56. Ke3 Kd5 57. Ke2 Bc3 58. Kd3 Bb4 0-1

[Event "CAN-ch"]
[Site "Guelph CAN"]
[Date "2015.07.11"]
[Round "3.4"]
[White "Noritsyn, Nikolay"]
[Black "Zhu, Hong Rui"]
[Result "1/2-1/2"]
[WhiteElo "2586"]
[BlackElo "2304"]
[PlyCount "98"]
[EventDate "2015.07.10"]
[EventType "swiss"]
[EventRounds "9"]
[EventCountry "CAN"]
[TimeControl "40/5400+30:1800+30"]

1. c4 c5 2. Nc3 Nc6 3. g3 g6 4. Bg2 Bg7 5. a3 a5 6. Nh3 e6 7. O-O Nge7 8. Nf4
O-O 9. Rb1 Rb8 10. d3 b6 11. Bd2 Bb7 12. Na2 d6 13. b4 axb4 14. axb4 Qd7 15. b5
Ne5 16. e4 d5 17. cxd5 exd5 18. Qe2 Ra8 19. Nc3 d4 20. Nd1 Ra2 21. Nb2 Nc8 22.
Nc4 Nxc4 23. dxc4 Nd6 24. Qd3 Rfa8 25. Bc1 R8a4 26. Nd5 Nxc4 27. Re1 Ne5 28.
Qd1 Bxd5 29. exd5 Qf5 30. Bf4 g5 31. Qh5 Qc2 32. Be4 Qxf2+ 33. Kh1 gxf4 34. Rf1
Qxh2+ 35. Qxh2 Rxh2+ 36. Kxh2 fxg3+ 37. Kxg3 Ra3+ 38. Kf4 Ng6+ 39. Bxg6 hxg6
40. Ra1 Re3 41. Ra8+ Bf8 42. Rf3 Re2 43. d6 Kg7 44. d7 Bd6+ 45. Kg5 Rg2+ 46.
Kh4 Rh2+ 47. Rh3 Be7+ 48. Kg3 Bd6+ 49. Kh4 Be7+ 1/2-1/2

[Event "CAN-ch"]
[Site "Guelph CAN"]
[Date "2015.07.12"]
[Round "4.4"]
[White "Gerzhoy, Leonid"]
[Black "Noritsyn, Nikolay"]
[Result "1-0"]
[WhiteElo "2538"]
[BlackElo "2586"]
[PlyCount "105"]
[EventDate "2015.07.10"]
[EventType "swiss"]
[EventRounds "9"]
[EventCountry "CAN"]
[TimeControl "40/5400+30:1800+30"]

1. e4 c5 2. Nf3 d6 3. c3 Nf6 4. Be2 Nbd7 5. d3 b6 6. O-O Bb7 7. h3 g6 8. Be3
Bg7 9. Nbd2 O-O 10. a4 Qc7 11. a5 d5 12. Qc2 Rac8 13. axb6 axb6 14. Nh2 e5 15.
exd5 Nxd5 16. Bf3 Nxe3 17. fxe3 Bxf3 18. Rxf3 b5 19. e4 c4 20. dxc4 bxc4 21.
Ng4 Nb6 22. Nf1 Qc5+ 23. Kh2 Kh8 24. Ng3 h5 25. Nf6 Rc6 26. Raf1 Bh6 27. Ngxh5
gxh5 28. Rf5 Rxf6 29. Rxf6 Kg7 30. R1f5 Bf4+ 31. g3 Be3 32. Qd1 Qb5 33. Qxh5
Qxb2+ 34. Rf2 Qxf2+ 35. Rxf2 Bxf2 36. Qg5+ Kh7 37. Qf5+ Kg7 38. Qxf2 Na4 39.
Qf5 Re8 40. Qd7 Ra8 41. Qd5 Ra7 42. Qxe5+ f6 43. Qd4 Re7 44. Qxc4 Nb6 45. Qc5
Re6 46. Qc7+ Kf8 47. c4 Ke8 48. c5 Nc4 49. c6 Rd6 50. Qb8+ Kf7 51. c7 Rd2+ 52.
Kg1 Ne5 53. Qb3+ 1-0

[Event "CAN-ch"]
[Site "Guelph CAN"]
[Date "2015.07.12"]
[Round "5.3"]
[White "Noritsyn, Nikolay"]
[Black "Haessel, Dale"]
[Result "1-0"]
[WhiteElo "2586"]
[BlackElo "2274"]
[PlyCount "47"]
[EventDate "2015.07.10"]
[EventType "swiss"]
[EventRounds "9"]
[EventCountry "CAN"]
[TimeControl "40/5400+30:1800+30"]

1. e4 e5 2. Nf3 Nc6 3. Bb5 Nf6 4. d3 Bc5 5. O-O Nd4 6. Nxd4 Bxd4 7. Nd2 c6 8.
Ba4 Bb6 9. Nc4 Bc7 10. f4 exf4 11. e5 Nd5 12. Nd6+ Bxd6 13. exd6 O-O 14. Bb3
Qg5 15. Qf3 b6 16. Bxf4 Qxf4 17. Qxf4 Nxf4 18. Rxf4 Bb7 19. Raf1 Rad8 20. Rxf7
Rxf7 21. Rxf7 Kh8 22. Kf2 h6 23. h4 h5 24. Rf5 1-0

[Event "CAN-ch"]
[Site "Guelph CAN"]
[Date "2015.07.13"]
[Round "6.4"]
[White "Gentes, Kevin"]
[Black "Noritsyn, Nikolay"]
[Result "0-1"]
[WhiteElo "2353"]
[BlackElo "2586"]
[PlyCount "148"]
[EventDate "2015.07.10"]
[EventType "swiss"]
[EventRounds "9"]
[EventCountry "CAN"]

1. Nf3 d6 2. d4 g6 3. g3 Bg7 4. Bg2 c5 5. O-O cxd4 6. Nxd4 Qb6 7. Nb3 Nc6 8.
Nc3 Bxc3 9. bxc3 Bd7 10. c4 Qb4 11. Bb2 Nf6 12. c5 dxc5 13. Bxf6 exf6 14. Qd6
O-O-O 15. Qxf6 Qc4 16. Rfd1 Be6 17. Bxc6 bxc6 18. Qe5 Bd5 19. Na5 Qb4 20. Rxd5
cxd5 21. Nc6 Qb6 22. Nxd8 Rxd8 23. Rd1 Qe6 24. Qc3 Qc6 25. e3 h5 26. Qg7 Qe6
27. Qc3 Qb6 28. Qg7 Rd7 29. Qf8+ Kc7 30. c4 d4 31. exd4 cxd4 32. c5 Qb5 33. c6
Kxc6 34. Qc8+ Kd5 35. Qa8+ Ke6 36. Re1+ Kf6 37. Qh8+ Kf5 38. Qh6 Kf6 39. Qh8+
Kf5 40. Qh6 Qb8 41. Re8 Rd8 42. Re1 Kf6 43. Qd2 Kg7 44. Qd3 Qb2 45. Re2 Qc1+
46. Kg2 Qc6+ 47. Kg1 Rd7 48. h4 Kh7 49. Rc2 Qd5 50. Rd2 Re7 51. Rd1 a5 52. Kh2
Rd7 53. Rd2 Kg7 54. Kg1 Kg8 55. Kh2 Kh7 56. Kg1 Rc7 57. Rd1 Rc4 58. Kh2 Qc5 59.
Kg2 a4 60. a3 Kg7 61. Kh2 Kg8 62. Kg2 Kh7 63. Kh2 Qc6 64. Kg1 Kg8 65. Kh2 Kg7
66. Kg1 Qb5 67. Kg2 Qb7+ 68. Kg1 Qb3 69. Kf1 Qxd3+ 70. Rxd3 Kf6 71. Rf3+ Ke6
72. Ke2 f5 73. Rd3 Kd5 74. Kd2 Rc8 0-1

[Event "CAN-ch"]
[Site "Guelph CAN"]
[Date "2015.07.14"]
[Round "7.3"]
[White "Noritsyn, Nikolay"]
[Black "Plotkin, Victor"]
[Result "1-0"]
[WhiteElo "2586"]
[BlackElo "2400"]
[PlyCount "67"]
[EventDate "2015.07.10"]
[EventType "swiss"]
[EventRounds "9"]
[EventCountry "CAN"]
[TimeControl "40/5400+30:1800+30"]

1. d4 d5 2. c4 e6 3. Nc3 Nf6 4. cxd5 exd5 5. Bg5 Be7 6. e3 c6 7. Qc2 Nbd7 8.
Bd3 Nf8 9. Nge2 Ne6 10. Bh4 g6 11. a3 O-O 12. O-O b6 13. Rad1 Bb7 14. f3 c5 15.
dxc5 bxc5 16. Bc4 Qb6 17. Bxf6 Bxf6 18. Nxd5 Bxd5 19. Bxd5 Rab8 20. Nc3 c4 21.
Bxc4 Qxe3+ 22. Kh1 Nd4 23. Qa4 Be5 24. Nd5 Qh6 25. f4 Bg7 26. Ne7+ Kh8 27. Qxa7
Nc2 28. b3 Rbd8 29. Rxd8 Rxd8 30. Nc6 Re8 31. Ne5 Bxe5 32. fxe5 f5 33. exf6 Ne3
34. f7 1-0

[Event "Hart House Holidays op"]
[Site "Toronto CAN"]
[Date "2014.12.19"]
[Round "1"]
[White "Zhang, Yuanchen"]
[Black "Noritsyn, Nikolay"]
[Result "0-1"]
[WhiteElo "2297"]
[BlackElo "2602"]
[PlyCount "76"]
[EventDate "2014.12.19"]
[EventType "swiss"]
[EventRounds "5"]
[EventCountry "CAN"]

1. d4 e6 2. c4 Bb4+ 3. Bd2 a5 4. Nf3 d6 5. Nc3 Nf6 6. Qc2 O-O 7. e4 e5 8. dxe5
dxe5 9. Rd1 Bg4 10. a3 Bxf3 11. gxf3 Bxc3 12. Qxc3 Qe7 13. c5 Rd8 14. Be3 Nc6
15. Bc4 Rxd1+ 16. Kxd1 Nd4 17. Kc1 Nxf3 18. c6 b6 19. Bd5 Nh4 20. f4 Ng6 21. f5
Nf4 22. Bxf4 exf4 23. Qc4 Rd8 24. Rd1 Kf8 25. Rd2 g5 26. fxg6 hxg6 27. Qd4 Qc5+
28. Qxc5+ bxc5 29. Kc2 Ke7 30. Re2 Nxd5 31. exd5+ Kd6 32. Kc3 Rh8 33. Kc4 f3
34. Rf2 Rh3 35. b3 g5 36. Rf1 f5 37. Re1 Rh4+ 38. Kb5 f2 0-1

[Event "Hart House Holidays op"]
[Site "Toronto CAN"]
[Date "2014.12.20"]
[Round "2"]
[White "Noritsyn, Nikolay"]
[Black "Derraugh, Geordie"]
[Result "0-1"]
[WhiteElo "2602"]
[BlackElo "2304"]
[PlyCount "104"]
[EventDate "2014.12.19"]
[EventType "swiss"]
[EventRounds "5"]
[EventCountry "CAN"]

1. e4 c5 2. Nc3 d6 3. f4 Nc6 4. Nf3 g6 5. Bb5 Bg7 6. Bxc6+ bxc6 7. h3 c4 8. b3
Ba6 9. Bb2 e6 10. e5 d5 11. Na4 Bf8 12. Bd4 Ne7 13. Bf2 h5 14. Nc5 Nf5 15. Rg1
h4 16. c3 Bxc5 17. Bxc5 cxb3 18. axb3 Bd3 19. Nh2 Ng3 20. Qf3 Bf5 21. d3 Qb8
22. Kd2 Bxd3 23. Bd6 Be4 24. Bxb8 Bxf3 25. Bxa7 Bh5 26. Nf3 Bxf3 27. gxf3 Kd7
28. Ra3 Rhb8 29. Rga1 Rb5 30. b4 Kc8 31. Bc5 Rxa3 32. Rxa3 Nf5 33. Ra6 Kc7 34.
Kd3 Rb7 35. Ra8 Rb8 36. Ra6 Rb7 37. c4 Rb8 38. Ra7+ Rb7 39. Ra8 Rb8 40. Bd6+
Nxd6 41. exd6+ Kb7 42. Rxb8+ Kxb8 43. cxd5 exd5 44. Kd4 Kc8 45. b5 cxb5 46.
Kxd5 Kd7 47. Kc5 b4 48. Kxb4 Kxd6 49. Kc4 Ke6 50. Kd4 Kf5 51. Ke3 f6 52. Kf2
Kxf4 0-1

[Event "Hart House Holidays op"]
[Site "Toronto CAN"]
[Date "2014.12.20"]
[Round "3"]
[White "Zhong, Joey"]
[Black "Noritsyn, Nikolay"]
[Result "0-1"]
[WhiteElo "2137"]
[BlackElo "2602"]
[PlyCount "110"]
[EventDate "2014.12.19"]
[EventType "swiss"]
[EventRounds "5"]
[EventCountry "CAN"]

1. e4 c5 2. Nf3 Nc6 3. Bb5 e6 4. Bxc6 bxc6 5. d3 Ne7 6. Qe2 f6 7. Nh4 g6 8. f4
Bg7 9. Nf3 e5 10. fxe5 fxe5 11. Nbd2 O-O 12. Nc4 d6 13. Bg5 h6 14. Bd2 g5 15.
Ba5 Qd7 16. O-O-O Ng6 17. g3 Ba6 18. Bc3 Qe6 19. Rde1 d5 20. exd5 cxd5 21.
Ncxe5 d4 22. Nxg6 Qxg6 23. Bd2 Qf7 24. b3 Rae8 25. Nxg5 Rxe2 26. Nxf7 Rxe1+ 27.
Rxe1 Kxf7 28. Bf4 Rc8 29. Kb2 Bb7 30. Bd6 Bf6 31. Rf1 Ke6 32. Bf4 h5 33. a4 Bg2
34. Re1+ Kd5 35. Re2 Bh3 36. Rf2 Rc6 37. Bb8 a6 38. Bf4 Re6 39. Bd2 Bg4 40. Ba5
Be7 41. Rf7 Re2 42. Bc7 Bg5 43. h4 Bd2 44. Rf6 Be6 45. Rf1 Bc3+ 46. Kb1 Bh3 47.
Rd1 Rf2 48. Bf4 Bg4 49. Rg1 Be2 50. Bc1 Bb4 51. Bb2 Ke6 52. Bc1 Kf5 53. Bf4 Bf1
54. Bc1 Kg4 55. Rh1 Kxg3 0-1

[Event "Hart House Holidays op"]
[Site "Toronto CAN"]
[Date "2014.12.21"]
[Round "4"]
[White "Vavrak, Peter"]
[Black "Noritsyn, Nikolay"]
[Result "0-1"]
[WhiteElo "2506"]
[BlackElo "2602"]
[PlyCount "66"]
[EventDate "2014.12.19"]
[EventType "swiss"]
[EventRounds "5"]
[EventCountry "CAN"]

1. d4 Nf6 2. c4 c5 3. d5 g6 4. Nc3 Bg7 5. e4 O-O 6. Nf3 e6 7. h3 exd5 8. exd5
a6 9. Be3 Re8 10. Bd3 b5 11. cxb5 Bb7 12. O-O d6 13. a4 Nbd7 14. bxa6 Bxa6 15.
Bxa6 Rxa6 16. Qd3 Qa8 17. Rfd1 Rb8 18. Nb5 Ne8 19. b3 Bxa1 20. Rxa1 Nb6 21. Rd1
c4 22. bxc4 Rxa4 23. Bxb6 Rxb6 24. c5 dxc5 25. d6 c4 26. Qd4 Rxb5 27. d7 Qd8
28. Ne5 Nf6 29. Qd6 Rxe5 30. Qxe5 Ra6 31. g4 Re6 32. Qd4 Nxd7 33. Qxd7 Re1+ 0-1

[Event "Hart House Holidays op"]
[Site "Toronto CAN"]
[Date "2014.12.21"]
[Round "5"]
[White "Noritsyn, Nikolay"]
[Black "Sambuev, Bator"]
[Result "1-0"]
[WhiteElo "2502"]
[BlackElo "2659"]
[PlyCount "121"]
[EventDate "2014.12.19"]
[EventType "swiss"]
[EventRounds "5"]
[EventCountry "CAN"]

1. Nf3 d5 2. d4 c6 3. Bf4 Nf6 4. e3 Bg4 5. c4 Bxf3 6. gxf3 Nbd7 7. Nc3 e6 8.
Qb3 Qb6 9. Be2 Be7 10. Bg3 O-O 11. O-O Nh5 12. f4 Nxg3 13. hxg3 dxc4 14. Qxc4
Rac8 15. Rab1 a5 16. Bf3 Rfd8 17. Rfd1 Qa7 18. Qe2 a4 19. a3 Nb6 20. Qc2 g6 21.
Kg2 Bf8 22. Rbc1 Qa5 23. Ne4 Nd7 24. Rd2 Be7 25. Rh1 Nf6 26. Nc3 b5 27. g4 Nd5
28. Ne4 c5 29. dxc5 Rxc5 30. Qd1 Rc4 31. Rd3 Qc7 32. Re1 Kg7 33. g5 h6 34. b3
axb3 35. Qa1+ f6 36. Rxd5 exd5 37. gxf6+ Kf7 38. fxe7 Qxe7 39. Nd2 b2 40. Qb1
Ra4 41. Qxb2 Rxf4 42. Rc1 Rf5 43. Qxb5 d4 44. Qb3+ Kf8 45. Ne4 Re5 46. Rc6 Kg7
47. Qc2 Qxa3 48. Rc7+ Re7 49. exd4 Rxd4 50. Nc5 Rxc7 51. Ne6+ Kf7 52. Nxc7 Qa4
53. Bd5+ Ke7 54. Qc5+ Kd7 55. Be6+ Kd8 56. Nd5 Rg4+ 57. Kh3 Rh4+ 58. Kg3 Qb3+
59. Kxh4 g5+ 60. Kg4 h5+ 61. Kf5 1-0

[Event "Durban op"]
[Site "Durban RSA"]
[Date "2014.09.21"]
[Round "2.15"]
[White "Odendaal, Frederik"]
[Black "Noritsyn, Nikolay"]
[Result "0-1"]
[WhiteElo "2018"]
[BlackElo "2449"]
[PlyCount "103"]
[EventDate "2014.09.20"]
[EventType "swiss"]
[EventRounds "9"]
[EventCountry "RSA"]
[Source "Chess Mix"]

1. d4 Nf6 2. Nf3 g6 3. Nbd2 d6 4. e4 Bg7 5. Bc4 O-O 6. Bb3 Nc6 7. c3 e5 8. dxe5
dxe5 9. O-O Qe7 10. Re1 Nh5 11. Nf1 Rd8 12. Qc2 Na5 13. Bg5 Bf6 14. Bxf6 Qxf6
15. Ne3 Nxb3 16. axb3 Nf4 17. Nd5 Nxd5 18. exd5 Bf5 19. Qe2 Rxd5 20. Nxe5 Qb6
21. c4 Rd4 22. Qe3 Re4 23. Qc3 Rxe1+ 24. Rxe1 Rd8 25. g4 Be6 26. h3 Qd6 27. Nf3
Qf4 28. Kg2 b6 29. Qe3 Qxe3 30. Rxe3 h6 31. Ne5 Kg7 32. Nc6 Ra8 33. Nd4 Bd7 34.
Re7 Rd8 35. Nb5 Kf8 36. Re1 Bc6+ 37. Kg1 Rd3 38. Nxc7 Rxh3 39. Nd5 Rxb3 40. Re2
Rd3 41. Ne3 a5 42. Rc2 a4 43. c5 b5 44. Kf1 Rd4 45. Ke1 h5 46. gxh5 gxh5 47.
Rd2 Rxd2 48. Kxd2 h4 49. Kc3 h3 50. Nf1 Ke7 51. Kb4 Ke6 52. Ka5 0-1

[Event "Durban op"]
[Site "Durban RSA"]
[Date "2014.09.21"]
[Round "3.8"]
[White "Noritsyn, Nikolay"]
[Black "Thakur, Akash"]
[Result "1-0"]
[WhiteElo "2449"]
[BlackElo "2295"]
[PlyCount "109"]
[EventDate "2014.09.20"]
[EventType "swiss"]
[EventRounds "9"]
[EventCountry "RSA"]
[Source "Chess Mix"]

1. c4 Nf6 2. Nc3 e5 3. Nf3 d6 4. g3 Nbd7 5. Bg2 Be7 6. O-O c6 7. d4 O-O 8. Qc2
Qc7 9. Rd1 Re8 10. b3 Bf8 11. Nh4 Rb8 12. Nf5 b5 13. h3 b4 14. Na4 e4 15. c5
Rb5 16. Bf4 Nxc5 17. Nxg7 Kxg7 18. dxc5 Nd5 19. Bxd6 Bxd6 20. cxd6 Qxd6 21.
Rac1 e3 22. f4 Re6 23. Kh2 Rh6 24. Qe4 Qd7 25. Kg1 Rxh3 26. Bxh3 Qxh3 27. Qg2
Qh5 28. Qh2 Bh3 29. Rxc6 Qg4 30. Rc4 Nc3 31. Nxc3 bxc3 32. Rxc3 Rh5 33. Rxe3
Bf1 34. Qf2 Qh3 35. Qf3 Qh2+ 36. Kxf1 Qh1+ 37. Qxh1 Rxh1+ 38. Kf2 Rxd1 39. Re7
a6 40. Re5 Rd2 41. Ra5 Rd6 42. g4 h6 43. Kf3 Rc6 44. b4 Rc3+ 45. e3 Rc4 46.
Rxa6 Rxb4 47. a4 Rc4 48. Ra8 Rb4 49. a5 Ra4 50. a6 Kh7 51. a7 Kg7 52. e4 Ra3+
53. Ke2 f6 54. Kd2 Ra4 55. e5 1-0

[Event "Durban op"]
[Site "Durban RSA"]
[Date "2014.09.22"]
[Round "4.2"]
[White "Mareco, Sandro"]
[Black "Noritsyn, Nikolay"]
[Result "0-1"]
[WhiteElo "2585"]
[BlackElo "2449"]
[PlyCount "70"]
[EventDate "2014.09.20"]
[EventType "swiss"]
[EventRounds "9"]
[EventCountry "RSA"]
[Source "Chess Mix"]

1. d4 f5 2. g3 Nf6 3. Bg2 e6 4. c4 c6 5. Nf3 d5 6. O-O Bd6 7. Qc2 O-O 8. Nc3
Qe8 9. Rb1 a5 10. c5 Bc7 11. Bf4 Bxf4 12. gxf4 Nbd7 13. e3 h6 14. a3 Qh5 15. b4
g5 16. Ne2 Kh8 17. b5 Rg8 18. Ne5 Rg7 19. Ng3 Qe8 20. a4 gxf4 21. exf4 Ne4 22.
Rb3 Nxe5 23. fxe5 cxb5 24. Rxb5 Ra7 25. Qc1 Qg6 26. Rb6 Bd7 27. Bxe4 fxe4 28.
f3 Kg8 29. fxe4 Bc6 30. Qd2 dxe4 31. Rf6 Qg4 32. Rb1 h5 33. Rbf1 Ra8 34. Qh6 e3
35. Qxe3 h4 0-1

[Event "Durban op"]
[Site "Durban RSA"]
[Date "2014.09.23"]
[Round "6.1"]
[White "Gupta, Abishek"]
[Black "Noritsyn, Nikolay"]
[Result "1-0"]
[WhiteElo "2642"]
[BlackElo "2449"]
[PlyCount "85"]
[EventDate "2014.09.20"]
[EventType "swiss"]
[EventRounds "9"]
[EventCountry "RSA"]
[Source "Chess Mix"]

1. d4 e6 2. c4 Bb4+ 3. Nd2 d5 4. Ngf3 Nf6 5. Qa4+ Nc6 6. a3 Bxd2+ 7. Bxd2 Ne4
8. Bf4 O-O 9. Rd1 Ne7 10. e3 Ng6 11. Bg3 Bd7 12. Qa5 b6 13. Qa6 c5 14. cxd5
exd5 15. Bd3 Nxg3 16. hxg3 c4 17. Bc2 Re8 18. Ne5 Bc8 19. Qa4 Nf8 20. b3 f6 21.
Nc6 Qd6 22. bxc4 Be6 23. cxd5 Bxd5 24. Bb3 Rac8 25. Rc1 Bxb3 26. Qxb3+ Ne6 27.
d5 Nd4 28. Qd3 Nxc6 29. Rxc6 Rxc6 30. Qxh7+ Kf7 31. Qh5+ Ke7 32. dxc6 Qxa3 33.
O-O Qc3 34. Qg4 Kf7 35. Qd7+ Re7 36. Rd1 Qc2 37. Qd5+ Kg6 38. g4 Re5 39. Qd7
Kh7 40. Rd5 Qc1+ 41. Kh2 Qc3 42. Rxe5 Qxe5+ 43. Kh3 1-0

[Event "Durban op"]
[Site "Durban RSA"]
[Date "2014.09.25"]
[Round "7.5"]
[White "Noritsyn, Nikolay"]
[Black "Popilsky, Gil"]
[Result "1-0"]
[WhiteElo "2449"]
[BlackElo "2493"]
[PlyCount "131"]
[EventDate "2014.09.20"]
[EventType "swiss"]
[EventRounds "9"]
[EventCountry "RSA"]
[Source "Chess Mix"]

1. c4 Nf6 2. Nc3 g6 3. e4 d6 4. g3 Bg7 5. Bg2 c5 6. Nge2 Nc6 7. O-O Qd7 8. h3
b6 9. d3 Bb7 10. Be3 e6 11. Qd2 O-O 12. f4 d5 13. Nd1 dxe4 14. dxe4 Qxd2 15.
Bxd2 Rfd8 16. Bc3 Nd4 17. Bxd4 cxd4 18. Nf2 Rac8 19. e5 Bxg2 20. Kxg2 Nd7 21.
Rfd1 Rxc4 22. b3 Rcc8 23. Rxd4 Nb8 24. Rc1 f6 25. Ng4 Kf7 26. Rxd8 Rxd8 27. Kf3
fxe5 28. Nxe5+ Bxe5 29. fxe5 Ke7 30. Nf4 Rd2 31. Rc7+ Nd7 32. Rxa7 g5 33. Ke3
Rh2 34. Nh5 Kd8 35. Nf6 Nxe5 36. Nxh7 Rxh3 37. Nxg5 Rxg3+ 38. Kf4 Rg4+ 39. Kxe5
Rxg5+ 40. Kd6 Rd5+ 41. Kc6 Rd2 42. Kxb6 e5 43. b4 e4 44. Ra3 Rd3 45. Ra5 Rd6+
46. Kc5 Re6 47. Kd5 Rb6 48. Kc4 Re6 49. Rd5+ Kc7 50. Rd2 e3 51. Re2 Kb6 52. a3
Re8 53. Kd4 Rd8+ 54. Kxe3 Ra8 55. Ra2 Kb5 56. Kd4 Rd8+ 57. Kc3 Ka4 58. Rd2 Rc8+
59. Kb2 Rh8 60. Rd7 Rh2+ 61. Kc3 Rh3+ 62. Kc4 Rh4+ 63. Rd4 Rh1 64. Kc5 Rb1 65.
Kb6 Kxa3 66. b5 1-0

[Event "Durban op"]
[Site "Durban RSA"]
[Date "2014.09.26"]
[Round "8.2"]
[White "Grover, Sahaj"]
[Black "Noritsyn, Nikolay"]
[Result "1-0"]
[WhiteElo "2492"]
[BlackElo "2449"]
[PlyCount "111"]
[EventDate "2014.09.20"]
[EventType "swiss"]
[EventRounds "9"]
[EventCountry "RSA"]
[Source "Chess Mix"]

1. e4 d5 2. exd5 Qxd5 3. Nc3 Qa5 4. d4 c6 5. Bc4 Bf5 6. Nf3 e6 7. O-O Nf6 8. h3
Nbd7 9. Bd2 Qb6 10. Re1 Be7 11. a4 a5 12. b3 O-O 13. Nh4 Bg6 14. Nxg6 hxg6 15.
Ne2 Rfd8 16. Nf4 Nf8 17. c3 c5 18. Be3 cxd4 19. cxd4 Bb4 20. Rf1 Nd5 21. Qf3
Nxf4 22. Qxf4 Qd6 23. Qf3 Qc6 24. Qxc6 bxc6 25. Rac1 Ba3 26. Rc2 Nd7 27. Be2
Rab8 28. Rb1 Nf6 29. Rxc6 Nd5 30. Bd2 Nb4 31. Rc4 Ra8 32. Ra1 Bb2 33. Rd1 Ba3
34. Bf3 Ra7 35. Bg5 Rb8 36. Bf4 Rd8 37. Bc7 Re8 38. Bb6 Ra6 39. Bc5 Rb8 40. Rc3
Bb2 41. Re3 Rd8 42. Bb7 Rad6 43. Bxd6 Rxd6 44. Re5 Bxd4 45. Rxd4 Rxd4 46. Rxa5
Rd1+ 47. Kh2 Ra1 48. Rb5 Nc2 49. Bc6 Nd4 50. Rb8+ Kh7 51. Be8 Ra2 52. Rb4 e5
53. Bxf7 Rxf2 54. Bd5 Rd2 55. a5 Ne2 56. Rh4# 1-0

[Event "Durban op"]
[Site "Durban RSA"]
[Date "2014.09.27"]
[Round "9.8"]
[White "Toma, Katarzyna"]
[Black "Noritsyn, Nikolay"]
[Result "0-1"]
[WhiteElo "2314"]
[BlackElo "2449"]
[PlyCount "121"]
[EventDate "2014.09.20"]
[EventType "swiss"]
[EventRounds "9"]
[EventCountry "RSA"]
[Source "Chess Mix"]

1. e4 c5 2. Nf3 e6 3. d4 cxd4 4. Nxd4 a6 5. c4 Bc5 6. Nb3 Be7 7. Nc3 d6 8. Be3
Nf6 9. Be2 O-O 10. O-O Nc6 11. Rc1 b6 12. f3 Bb7 13. a3 Rc8 14. Qd2 Ne5 15. Na4
Nfd7 16. Rfd1 Re8 17. Nd4 Bf8 18. b4 Ng6 19. Bf1 h6 20. Qf2 d5 21. Nb3 Qe7 22.
Nxb6 Nxb6 23. Bxb6 dxe4 24. Nc5 exf3 25. Nxb7 Qxb7 26. gxf3 Be7 27. Be3 a5 28.
bxa5 Qc6 29. c5 Nh4 30. Be2 Nf5 31. Kh1 Bh4 32. Qg1 Qa4 33. Rc4 Qxa3 34. Bxh6
Be7 35. Bc1 Qxa5 36. c6 Bf6 37. Rd7 Ne7 38. Rc5 Qb4 39. Rb7 Qa4 40. Bb5 Qb3 41.
Qf1 Rf8 42. c7 Qb4 43. Rc4 Qd6 44. Be3 Qd5 45. Ba6 Nf5 46. Ba7 Qa5 47. Rc5 Qa2
48. Rc1 Be5 49. Qe2 Qa3 50. Rc2 Qa1+ 51. Qf1 Qa4 52. Qd3 Qa1+ 53. Kg2 Nh4+ 54.
Kh3 Ng6 55. Be3 Qe1 56. Bg5 Bf4 57. Bd8 Bxc7 58. Bxc7 Rxc7 59. Rc4 Ne5 60. Qd4
Rxb7 61. Bxb7 0-1